000 00752cam a22002531 4500
999 _c130304
_d130304
001 7529969
003 ARRUPE
005 20200205093311.0
008 780808s1964 enka b 000 0 eng
010 _a 65083339
015 _aGB64-20738
035 _a(OCoLC)4120003
040 _aDLC
_cScU
_dScU
_dUk
_dDLC
042 _apremarc
050 0 0 _aDA664.S3
_bC3
100 1 _aCathcart, Helen.
_948992
245 1 0 _aSandringham ;
_bthe story of a royal home.
_cHelen Cathcart
260 _aLondon,
_bW. H. Allen,
_c1964.
300 _a224 p.
_billus.
_c23 cm.
610 2 0 _aSandringham House (England)
_949376
651 0 _aGreat Britain
_xCourt and courtiers
_948984
906 _a7
_bcbc
_coclcrpl
_du
_encip
_f19
_gy-gencatlg
942 _2lcc
_cMONOGRAPH